| 000 | 00601nam a22001937a 4500 | ||
|---|---|---|---|
| 999 |
_c12118 _d12118 |
||
| 003 | AR-CdUCM | ||
| 008 | 190405b ||||| |||| 00| 0 spa d | ||
| 040 |
_aMUNICIPALIDAD PROVINCIAL DEL CUSCO _cBIBLIOTECA MUNICIPAL DEL CUSCO |
||
| 082 |
_a521.1 / _bL54 / |
||
| 100 |
_aLevin, B. Y. _929807 |
||
| 245 | _aEl origen de la tierra y de los planetas / | ||
| 300 |
_a90 páginas ; _c16 cm. |
||
| 505 | _aContenido: Origen de los planetas. | ||
| 650 |
_aOrigen de los planetas _929808 |
||
| 650 |
_aLa tierra _929809 |
||
| 650 |
_aÓrbitas _929810 |
||
| 942 |
_2ddc _cLIBROS |
||
| 945 |
_arjall _d05/04/2019 |
||